000 01393nam a2200301 a 4500
001 000022250
003 DO-SdBNP
005 20240301073825.0
007 ta
008 100921e2000 dr gr 001 edspa d
020 _a9993480053
040 _aDO-SdBNP
_bspa
_cBNPHU
082 _bG216g
100 1 _aGarcía, Juan Manuel,
_d1976-
_946008
245 1 0 _aGobierno del PLD :
_bcrónica de una moral sin memoria /
_cJuan Manuel García ; prólogo, Diógenes Céspedes.
260 _aSanto Domingo :
_bManatí,
_c2000
300 _a468 p. ;
_c24 cm.
500 _aIncluye datos biográficos del autor en la contracubierta
500 _aIncluye Bibliografía y notas al pie de páginas
505 _aPrólogo.
505 _aIntroducción
_tAparte de lo moral, el método.--
_tEmpezaron acorralados.--
_tPeriodismo, periodistas y sobornos.--
_t"Un real fracaso": O una moral sin memoria.--
_tLa concertación ¿Una táctica.--?
_tEl palacio ¿Local del PLD?
_t¿Por qué escondidas?.--
_tLa iglesia.--
_tAutoritarismo apuñalado.--
_tCorrupción.--
_tCírculo vicioso.--
_tIntercambio de disparos.--
_tConclusión.--
_tBibliografía.
590 _aInventariado 2023 / MF
650 4 _980905
_aPartido de la Liberación Dominicana PLD
651 4 _92024
_aRepública Dominicana
_xPartidos Políticos
700 1 _aCéspedes, Diógenes,
_d1941-
_epról.
_920548
910 _aMFeliz
942 _2ddc
_cLBS1
999 _c21748
_d21748